Manažment predvýrobných etáp /

Korporativní autor: Vysoká škola ekonomická v Bratislave. Fakulta ekonomiky a riadenia výrobných odvetví
Další autoři: Leščišin, Michal, 1933-
Jazyk: Slovenština
Vydáno: Bratislava : Vysoká škola ekonomická, 1991
Vydání: 1. vyd.
Edice: Vysokoškolské skriptá
Témata:
Fyzický popis: 172 s.
Knihy
Uloženo v:
LEADER 01250nam a22003012a 4500
001 000103331
003 CZ BrMZK
005 20080917064203.0
007 ta
008 950101s1991 xo f slo d
040 |a BOA001  |b cze 
080 9 |a 338.2 
080 9 |a 658.5 
245 0 0 |a Manažment predvýrobných etáp /  |c M. Leščišin a kol. 
250 |a 1. vyd. 
260 |a Bratislava :  |b Vysoká škola ekonomická,  |c 1991 
300 |a 172 s. 
490 1 |a Vysokoškolské skriptá 
550 |a Vydavatel: Vysoká škola ekonomická v Bratislavě, Fakulta ekonomiky a riadenia výrobných odvetví 
700 1 |a Leščišin, Michal,  |d 1933-  |7 mzk2003208566  |4 aut 
710 2 |a Vysoká škola ekonomická v Bratislave.  |b Fakulta ekonomiky a riadenia výrobných odvetví  |7 ko2002159687 
810 2 |a Vysoká škola ekonomická v Bratislave.  |b Fakulta ekonomiky a riadenia výrobných odvetví.  |t Vysokoškolské skriptá  |0 s 
910 |a BOA001  |b 4-0965.706 
964 |a Management - výroba - příprava - učebnice - školy vysoké 
964 |a Výroba - příprava - management - učebnice - školy vysoké 
990 |a BK 
991 |b 200805 
996 7 |b 2619995734  |c 4-0965.706  |l MZK  |r Sklad / do 1 hodiny  |n 0  |w 000103331  |u 000010  |a 1  |e BOA001  |j MZK50  |s A